=LDR 00000nam 2200000 4500 =001 INLIS000000000047493 =005 20210628082313 =035 ##$$a 0010-121500000000034 =008 210628################g##########0#ind## =020 ##$$a 978-979-769-354-1 =082 ##$$a 343.097 22 =100 #$$a Martono =245 1#$$a Transportasi bahan dan/atau bahan berbahaya dengan pesawat udara /$c Prof. Dr, H,K. Martono, SH., LLM. =260 ##$$a Jakarta :$b RajaGrafindo Persada,$c 2011 =300 ##$$a xix,157 Hlm ; $c 21x14 cm =850 ##$$aNBPNMAT =084 ##$$a 343.097 22 MAR t =250 ##$$a cet.1 =650 #4$$a Pengumpulan barang-Undang-undang dan peraturan =520 ##$$a Bibliografi: hal, 135 =990 ##$$a 21302703 =990 ##$$a 21302702 =990 ##$$a 21302699